000 00268nam a2200109Ia 4500
008 200302s9999 xx 000 0 und d
100 _aSigrid Hauser & Others
245 _aPeter Zumthor Therme Vals
260 _bSchedegger & Spiess
260 _c2007
300 _a191 P.,
999 _c2730
_d2730